[Event "Juvenil Lleida_2008_09"]
[Site "?"]
[Date "2008.10.25"]
[Round "3"]
[White "Nieto, Francesc"]
[Black "Rumi, Joel"]
[Result "1-0"]
[WhiteElo "2022"]
[BlackElo "1700"]
[PlyCount "51"]
[EventDate "2008.10.13"]
[SourceDate "2008.10.25"]

1. b3 e5 2. Bb2 Nc6 3. e3 Nf6 4. d3 d5 5. Nf3 Bd6 6. Be2 O-O 7. c4 Bf5 8. cxd5
Ne7 9. e4 Bg4 10. Nxe5 Bxe5 11. Bxe5 h5 12. Bxf6 gxf6 13. Bxg4 hxg4 14. Qxg4+
Ng6 15. h4 Kg7 16. h5 Rh8 17. Rh3 Qg8 18. hxg6 fxg6 19. Rxh8 Kxh8 20. Nc3 Qg7
21. O-O-O Rd8 22. Rh1+ Kg8 23. Qe6+ Qf7 24. Rh8+ Kg7 25. Rh7+ Kg8 26. Qxf7# 1-0

[Event "Juvenil Lleida_2008_09"]
[Site "?"]
[Date "2008.10.25"]
[Round "3"]
[White "Ferrer, Jordi"]
[Black "Grau, Nuria"]
[Result "1-0"]
[WhiteElo "1858"]
[BlackElo "1723"]
[PlyCount "113"]
[EventDate "2008.10.13"]
[SourceDate "2008.10.25"]

1. e4 e5 2. Nf3 Nc6 3. Bb5 Nf6 4. d3 Bc5 5. O-O O-O 6. c3 Bb6 7. Nbd2 a6 8. Ba4
d6 9. h3 Be6 10. Re1 Ne7 11. Nf1 Ng6 12. Ng3 c6 13. d4 h6 14. Bc2 Qd7 15. Be3
Bc7 16. Qd2 d5 17. dxe5 Nxe5 18. Nxe5 Bxe5 19. Bd4 dxe4 20. Rad1 Bxd4 21. Qxd4
Qxd4 22. Rxd4 Bxa2 23. b3 Nd5 24. Ra1 Nxc3 25. Rc4 Bxb3 26. Bxb3 Nd5 27. Rxe4
Rfe8 28. Bxd5 cxd5 29. Rd4 Rad8 30. Rb1 b5 31. Ra1 Re6 32. Nf5 Re5 33. Ne3 Rd6
34. Rad1 a5 35. Rxd5 Rexd5 36. Rxd5 Rxd5 37. Nxd5 Kf8 38. Kf1 Ke8 39. Nc7+ Kd7
40. Nxb5 Kc6 41. Nc3 Kc5 42. Ke2 Kc4 43. Kd2 Kd4 44. Nb5+ Kc5 45. Na3 a4 46.
Kc3 Kd5 47. Nb1 Ke4 48. Nd2+ Kd5 49. Nc4 g5 50. Kd3 f5 51. f3 h5 52. Nb6+ Ke5
53. Nxa4 f4 54. g4 hxg4 55. fxg4 f3 56. Ke3 Kf6 57. Kxf3 1-0

[Event "Juvenil Lleida_2008_09"]
[Site "?"]
[Date "2008.10.25"]
[Round "3"]
[White "Solani, Joshua"]
[Black "Boldu, Josep"]
[Result "1/2-1/2"]
[WhiteElo "1930"]
[BlackElo "1799"]
[PlyCount "99"]
[EventDate "2008.10.13"]
[SourceDate "2008.10.25"]

1. d4 e6 2. c4 c5 3. Nf3 Nc6 4. e3 Nf6 5. Nc3 Be7 6. Be2 O-O 7. O-O d6 8. b3 b6
9. Bb2 Bb7 10. h3 Qc7 11. Qc2 Rad8 12. Rfd1 Rfe8 13. a3 cxd4 14. Nxd4 Nxd4 15.
Rxd4 d5 16. Nb5 Qb8 17. Rc1 a6 18. Nc3 dxc4 19. Rxd8 Rxd8 20. Bxc4 Qd6 21. Rd1
Qc6 22. Rxd8+ Bxd8 23. f3 Nd5 24. Nxd5 exd5 25. Bd3 Qxc2 26. Bxc2 b5 27. a4
bxa4 28. bxa4 Bb6 29. Kf2 h6 30. Ke2 Kf8 31. Bb3 a5 32. Kd2 g6 33. Bf6 Bc5 34.
Bd8 Bb4+ 35. Kd3 Ba6+ 36. Kd4 Bf1 37. g4 Bxh3 38. Bxd5 Ke8 39. Bb6 Bf1 40. Bc6+
Ke7 41. Ke5 Bc3+ 42. Bd4 Bb4 43. Ke4 Be2 44. Bg7 h5 45. gxh5 gxh5 46. Kf4 Bd2
47. Kg5 Bxe3+ 48. Kxh5 Bd2 49. Be5 Be3 50. Bc7 1/2-1/2

[Event "Juvenil Lleida_2008_09"]
[Site "?"]
[Date "2008.10.25"]
[Round "3"]
[White "Solani, Joel"]
[Black "Mas, Oriol"]
[Result "0-1"]
[WhiteElo "1707"]
[BlackElo "1940"]
[PlyCount "74"]
[EventDate "2008.10.13"]
[SourceDate "2008.10.25"]

1. Nf3 d5 2. d4 Nf6 3. g3 g6 4. Bg2 Bg7 5. Nc3 c6 6. O-O O-O 7. b3 Nbd7 8. Bb2
e5 9. Ba3 Re8 10. e3 e4 11. Nd2 Nh5 12. Bb2 f5 13. a4 Nf8 14. f3 exf3 15. Bxf3
Nf6 16. Bg2 Rxe3 17. Rf3 Rxf3 18. Nxf3 Ne4 19. Qe2 Bd7 20. Re1 Qc7 21. Nxe4
fxe4 22. Nd2 Ne6 23. Qf2 Rf8 24. Qe3 Qb6 25. c3 Rf7 26. Rf1 Rxf1+ 27. Nxf1 Qxb3
28. Bc1 Qxa4 29. Bh3 Qa5 30. Bb2 Qd8 31. Qc1 Nxd4 32. cxd4 Bxh3 33. Qa1 Qf8 34.
Ne3 Bh6 35. Ng2 Qf3 36. Qf1 Be3+ 37. Kh1 Qxf1# 0-1

[Event "Juvenil Lleida_2008_09"]
[Site "?"]
[Date "2008.10.25"]
[Round "3"]
[White "Perez, Jose"]
[Black "Coll, Jordi"]
[Result "0-1"]
[WhiteElo "1973"]
[BlackElo "2307"]
[PlyCount "64"]
[EventDate "2008.10.13"]
[SourceDate "2008.10.25"]

1. c4 c5 2. g3 Nf6 3. Bg2 d5 4. Nc3 d4 5. Nd5 Nxd5 6. cxd5 g6 7. e4 Bg7 8. d3
O-O 9. Ne2 e6 10. dxe6 Bxe6 11. O-O Nc6 12. f4 f5 13. Bd2 c4 14. Be1 Qb6 15.
Bf2 Qxb2 16. Rb1 Qxa2 17. exf5 cxd3 18. Nxd4 Bd5 19. Nxc6 bxc6 20. fxg6 hxg6
21. Qg4 Bxg2 22. Kxg2 Qd5+ 23. Kg1 Qd6 24. Rb7 Rf7 25. Rxf7 Kxf7 26. f5 gxf5
27. Be3 Kg8 28. Rxf5 Re8 29. Rg5 Qe7 30. Qc4+ Qe6 31. Qxe6+ Rxe6 32. Bd4 d2 0-1

[Event "Juvenil Lleida_2008_09"]
[Site "?"]
[Date "2008.10.25"]
[Round "3"]
[White "Barbosa, Laia"]
[Black "Frances, Oriol"]
[Result "0-1"]
[WhiteElo "2001"]
[BlackElo "2133"]
[PlyCount "114"]
[EventDate "2008.10.13"]
[SourceDate "2008.10.25"]

1. e4 e5 2. Nf3 Nc6 3. Bb5 Nge7 4. O-O g6 5. Re1 Bg7 6. c3 O-O 7. d4 exd4 8.
cxd4 d5 9. exd5 Nxd5 10. Bxc6 bxc6 11. Ne5 Qd6 12. Nd2 Nf6 13. Ndc4 Qd5 14. Bf4
Nd7 15. Nxd7 Qxd7 16. Ne5 Qd5 17. Qa4 Bb7 18. Nf3 c5 19. dxc5 Qxc5 20. Rac1 Qd5
21. Rxc7 Bf6 22. Qd7 Qxd7 23. Rxd7 Bc8 24. Rd2 Be6 25. a3 Rad8 26. Rxd8 Rxd8
27. Bg5 Kg7 28. Bxf6+ Kxf6 29. h3 Rd3 30. Re3 Rd1+ 31. Re1 Rd3 32. Re3 Rd1+ 33.
Re1 Rxe1+ 34. Nxe1 Ke5 35. Nf3+ Kd5 36. Kf1 Kc4 37. Nd2+ Kd3 38. Ke1 Kc2 39. b4
Bd5 40. b5 Bxg2 41. h4 Kc3 42. f3 Bh3 43. Ne4+ Kb3 44. Nd6 Be6 45. Ne4 Kxa3 46.
Nc3 Kb4 47. Kd2 Bc4 48. Kc2 Bxb5 49. Kb2 Bc6 50. f4 Kc4 51. Na2 a5 52. Nc1 a4
53. Ne2 Kd3 54. Ng3 Bd7 55. h5 Ke3 56. hxg6 fxg6 57. Nf1+ Kxf4 0-1

[Event "Juvenil Lleida_2008_09"]
[Site "?"]
[Date "2008.10.25"]
[Round "3"]
[White "Visa, Joel"]
[Black "Ramoneda, Gisela"]
[Result "1-0"]
[WhiteElo "2168"]
[BlackElo "1975"]
[PlyCount "77"]
[EventDate "2008.10.13"]
[SourceDate "2008.10.30"]

1. d4 d5 2. c4 e6 3. Nc3 Nf6 4. cxd5 exd5 5. Bg5 Be7 6. e3 c6 7. Bd3 O-O 8.
Nge2 Nbd7 9. O-O b6 10. Rc1 Bb7 11. f3 c5 12. Bh4 Re8 13. Re1 Nf8 14. Bf2 Rc8
15. Bb1 cxd4 16. Nxd4 Bb4 17. Ndb5 a5 18. a3 Bxc3 19. Nxc3 N8d7 20. Bf5 Re5 21.
Bh3 Rc4 22. g4 Nf8 23. Bg3 Re8 24. Bf1 Rc8 25. Nb5 Rxc1 26. Qxc1 Ne6 27. Nd6
Re7 28. Nf5 Re8 29. Bb5 Ng5 30. Qd1 d4 31. e4 Re7 32. Nxe7+ Qxe7 33. Bh4 Nh3+
34. Kg2 Nf4+ 35. Kf1 Qc5 36. Qa4 Qd6 37. Qc4 d3 38. e5 Qd7 39. Bxd7 1-0

[Event "Juvenil Lleida_2008_09"]
[Site "?"]
[Date "2008.10.25"]
[Round "3"]
[White "Monfa, Ramon"]
[Black "Coll, Cristina"]
[Result "0-1"]
[WhiteElo "1917"]
[BlackElo "2003"]
[PlyCount "76"]
[EventDate "2008.10.13"]
[SourceDate "2008.10.30"]

1. d3 d5 2. a3 c5 3. Nf3 f6 4. Nbd2 e5 5. c4 d4 6. Qc2 Nc6 7. Nb3 Be6 8. Bd2
Bd6 9. h3 Nge7 10. e3 Qd7 11. Be2 O-O 12. exd4 cxd4 13. Na5 Nxa5 14. Bxa5 b6
15. Bd2 Rac8 16. b4 h6 17. Rc1 Kh8 18. g4 Bg8 19. Rg1 Bh7 20. Kd1 Rfe8 21. Nh4
Ng8 22. f3 g5 23. Ng2 Bf8 24. Qb3 f5 25. Kc2 e4 26. fxe4 fxe4 27. dxe4 Bxe4+
28. Bd3 Bxd3+ 29. Qxd3 Rxc4+ 30. Qxc4 Rc8 31. Qxc8 Qxc8+ 32. Kd3 Qa6+ 33. Kxd4
Bg7+ 34. Ke4 Qe2+ 35. Be3 Nf6+ 36. Kf5 Qd3+ 37. Ke6 Qd5+ 38. Ke7 Qd7# 0-1

[Event "Juvenil Lleida_2008_09"]
[Site "?"]
[Date "2008.11.08"]
[Round "4"]
[White "Coll Ortega, Jordi"]
[Black "Ramoneda Rumi, Gisela"]
[Result "1-0"]
[WhiteElo "2307"]
[BlackElo "1975"]
[PlyCount "49"]
[EventDate "2008.10.13"]
[SourceDate "2008.11.08"]

1. c4 e6 2. Nf3 Nf6 3. g3 d5 4. Bg2 g6 5. b3 Bg7 6. Bb2 O-O 7. O-O b6 8. d3 Bb7
9. Nbd2 Nbd7 10. Qc2 c5 11. e4 d4 12. b4 cxb4 13. Nxd4 a5 14. Nb5 Qc8 15. Nd6
Qc7 16. Nxb7 Qxb7 17. e5 Qc7 18. exf6 Nxf6 19. Bxa8 Rxa8 20. Bxf6 Bxf6 21. Rae1
Rd8 22. Ne4 Bg7 23. c5 bxc5 24. Qxc5 Qxc5 25. Nxc5 1-0

[Event "Juvenil Lleida_2008_09"]
[Site "?"]
[Date "2008.11.08"]
[Round "4"]
[White "Casas, Pau"]
[Black "Valera, Alexis"]
[Result "1-0"]
[WhiteElo "1700"]
[BlackElo "1700"]
[PlyCount "77"]
[EventDate "2008.10.13"]
[SourceDate "2008.11.08"]

1. e4 e5 2. Nf3 Nc6 3. Bc4 Bc5 4. Nc3 Nf6 5. d3 Ne7 6. Qe2 c6 7. O-O d5 8. Nxe5
dxc4 9. Nxc4 Be6 10. b3 Bd4 11. Bb2 c5 12. e5 Nfd5 13. Ne4 Nf5 14. Bxd4 Nxd4
15. Qd2 Nb4 16. Ncd6+ Ke7 17. Nxb7 Qb6 18. Nexc5 Nbxc2 19. Rac1 Nb4 20. Na4
Rac8 21. Nxb6 Rc2 22. Qxb4+ Ke8 23. Qxd4 axb6 24. Rxc2 Ke7 25. Qb4+ Ke8 26.
Rc8+ Bxc8 27. Nd6+ Kd7 28. Nxc8 Rxc8 29. Qb5+ Kd8 30. Qxb6+ Kd7 31. a4 Rc6 32.
Qd4+ Kc7 33. b4 f6 34. b5 fxe5 35. Qxe5+ Rd6 36. Rc1+ Kd7 37. Qxg7+ Ke6 38.
Re1+ Kd5 39. Qe5# 1-0

[Event "Juvenil Lleida_2008_09"]
[Site "?"]
[Date "2008.11.08"]
[Round "4"]
[White "Ivanov, Dimitri"]
[Black "Solani, Joel"]
[Result "1-0"]
[WhiteElo "1867"]
[BlackElo "1707"]
[PlyCount "53"]
[EventDate "2008.10.13"]
[SourceDate "2008.11.08"]

1. c4 e5 2. Nc3 Bb4 3. Nf3 d6 4. Nd5 Nc6 5. a3 Bc5 6. b4 Bd4 7. Rb1 Nf6 8. e3
Bf5 9. d3 Nxd5 10. cxd5 Bc3+ 11. Bd2 Bxd2+ 12. Qxd2 O-O 13. dxc6 bxc6 14. e4
Bg4 15. Be2 h6 16. O-O d5 17. exd5 cxd5 18. h3 Bxf3 19. Bxf3 Qd6 20. Rbd1 c5
21. bxc5 Qxc5 22. Qa2 d4 23. Bxa8 Rxa8 24. Rc1 Qb5 25. Rc7 Qxd3 26. Qxf7+ Kh8
27. Qxg7# 1-0

[Event "Juvenil Lleida_2008_09"]
[Site "?"]
[Date "2008.11.08"]
[Round "4"]
[White "Bobet, Ramon"]
[Black "Torne, Pol"]
[Result "0-1"]
[WhiteElo "1700"]
[BlackElo "1700"]
[PlyCount "97"]
[EventDate "2008.10.13"]
[SourceDate "2008.11.08"]

1. e4 e5 2. Nf3 Nc6 3. d4 d5 4. Nc3 Nf6 5. Nxe5 Nxe5 6. dxe5 Nxe4 7. Nxe4 dxe4
8. Qxd8+ Kxd8 9. Bg5+ Be7 10. Bxe7+ Kxe7 11. O-O-O Be6 12. Kb1 Rhe8 13. b3 Rad8
14. Bc4 Bd7 15. Rhe1 Bc6 16. Kc1 Kf8 17. Rxd8 Rxd8 18. e6 f6 19. f3 b5 20. Bf1
f5 21. fxe4 fxe4 22. g3 Re8 23. Re2 Rxe6 24. Bh3 Re5 25. Bg2 b4 26. Rf2+ Kg8
27. Rf4 e3 28. Bf1 Bb5 29. Bxb5 e2 30. Bxe2 Rxe2 31. Rxb4 Rxh2 32. Rb7 Rg2 33.
Rxc7 Rxg3 34. Rxa7 h5 35. b4 h4 36. b5 h3 37. b6 h2 38. b7 Rg1+ 39. Kb2 h1=Q
40. b8=Q+ Kh7 41. Rc7 Rb1+ 42. Kc3 Rxb8 43. a4 Qa1+ 44. Kd2 Qxa4 45. c3 Qf4+
46. Kd3 Qxc7 47. c4 Rc8 48. Kd4 Qxc4+ 49. Ke3 0-1

[Event "Juvenil Lleida_2008_09"]
[Site "?"]
[Date "2008.11.08"]
[Round "4"]
[White "Fumas, Eudal"]
[Black "Fortuny, Jordi"]
[Result "1/2-1/2"]
[WhiteElo "1700"]
[BlackElo "1731"]
[PlyCount "91"]
[EventDate "2008.10.13"]
[SourceDate "2008.11.08"]

1. e4 e5 2. Nf3 Nc6 3. d4 exd4 4. Nxd4 Nxd4 5. Qxd4 Nf6 6. Bg5 h6 7. Bh4 Be7 8.
Nc3 d6 9. Bc4 Be6 10. Nd5 Nxd5 11. Bxe7 Qxe7 12. Qxg7 O-O-O 13. exd5 Bxd5+ 14.
Be2 Rdg8 15. Qd4 Qg5 16. Rg1 b6 17. f4 Qf5 18. g4 Qe4 19. Qd2 Bc4 20. g5 Qxe2+
21. Qxe2 Bxe2 22. Kxe2 hxg5 23. fxg5 Rxh2+ 24. Kf3 Rxc2 25. Rgf1 Rxb2 26. Ke3
Rg7 27. a4 c5 28. Ke4 c4 29. Kd4 d5 30. Kxd5 c3 31. Kc4 c2 32. Kc3 Rb1 33. Kxc2
Rxf1 34. Rxf1 Rxg5 35. Rxf7 Rg4 36. Rxa7 Kb8 37. Rd7 Rxa4 38. Kb3 Ra5 39. Kb4
Kc8 40. Rf7 Rc5 41. Re7 Rc7 42. Re6 Kb7 43. Kb5 Rc5+ 44. Kb4 Ka6 45. Rd6 Rb5+
46. Ka4 1/2-1/2

[Event "Juvenil Lleida_2008_09"]
[Site "?"]
[Date "2008.11.08"]
[Round "4"]
[White "Orrit, Gerard"]
[Black "Perez, Jose"]
[Result "0-1"]
[WhiteElo "1850"]
[BlackElo "1973"]
[PlyCount "92"]
[EventDate "2008.10.13"]
[SourceDate "2008.11.08"]

1. e4 e6 2. d4 d5 3. exd5 exd5 4. c4 dxc4 5. Bxc4 Bd6 6. Nf3 Bg4 7. Qb3 Qe7+ 8.
Be3 Bxf3 9. gxf3 c6 10. a4 Nf6 11. Nc3 O-O 12. Kd2 Nbd7 13. Rae1 Nb6 14. Bd3
Qc7 15. h3 Nbd5 16. Rhg1 Nf4 17. h4 Rad8 18. Rc1 a6 19. Bc2 c5 20. Ne2 Qa5+ 21.
Kd1 Be5 22. Bxf4 Bxf4 23. Nxf4 Rxd4+ 24. Nd3 c4 25. Qc3 Qd5 26. Rg5 Qxf3+ 27.
Ke1 cxd3 28. Kf1 Qh1+ 29. Rg1 Qh3+ 30. Ke1 Qe6+ 31. Kf1 Qe2+ 32. Kg2 Rg4+ 33.
Kh3 Rxh4+ 34. Kxh4 Qh5+ 35. Kg3 Ne4+ 36. Kg2 Qg4+ 37. Kf1 Qe2+ 38. Kg2 Qxf2+
39. Kh3 Nxc3 40. Bxd3 Qxb2 41. Rc2 Qb4 42. Rcg2 g6 43. Rg4 Qd6 44. Bc2 Re8 45.
R1g3 Nd5 46. Rd4 Nf4+ 0-1

[Event "Juvenil Lleida_2008_09"]
[Site "?"]
[Date "2008.11.08"]
[Round "4"]
[White "Frances, Oriol"]
[Black "Solani, Joshua"]
[Result "0-1"]
[WhiteElo "2133"]
[BlackElo "1930"]
[PlyCount "86"]
[EventDate "2008.10.13"]
[SourceDate "2008.11.08"]

1. c4 e5 2. g3 Nf6 3. Bg2 d5 4. cxd5 Nxd5 5. Nc3 Be6 6. Nf3 Nc6 7. d3 Bb4 8.
Bd2 f6 9. O-O O-O 10. Nxd5 Bxd5 11. Bxb4 Nxb4 12. a3 Nc6 13. Qc2 Ne7 14. Rac1
c6 15. Rfd1 Kh8 16. d4 e4 17. Nd2 e3 18. fxe3 Bxg2 19. Kxg2 Nd5 20. Qd3 f5 21.
e4 fxe4 22. Nxe4 Qe7 23. Re1 Rae8 24. Nd2 Ne3+ 25. Kg1 Qe6 26. Nf1 Qf6 27. Nxe3
Qf2+ 28. Kh1 Rxe3 29. Qd1 Rxg3 30. Rg1 Rxg1+ 31. Qxg1 Qxe2 32. b4 Rf2 33. Qg3
Rf1+ 34. Rxf1 Qxf1+ 35. Qg1 Qf3+ 36. Qg2 Qxa3 37. Qe4 Qc1+ 38. Kg2 Qg5+ 39. Kf1
h6 40. Qe8+ Kh7 41. Qc8 Qf4+ 42. Ke1 Qe4+ 43. Kf1 Qh1+ 0-1

[Event "Juvenil Lleida_2008_09"]
[Site "?"]
[Date "2008.11.08"]
[Round "4"]
[White "Monfa, Ramon"]
[Black "Barbosa, Laia"]
[Result "1/2-1/2"]
[WhiteElo "2001"]
[BlackElo "1917"]
[PlyCount "120"]
[EventDate "2008.10.13"]
[SourceDate "2008.11.08"]

1. d3 d5 2. a3 c5 3. Nf3 e6 4. Nbd2 Nc6 5. c4 Nf6 6. b3 Bd6 7. Bb2 d4 8. g3 e5
9. Bg2 O-O 10. O-O Re8 11. Qc2 Bf5 12. Nh4 Bg4 13. Rfe1 Qd7 14. Nhf3 Re7 15. e3
Rae8 16. exd4 exd4 17. Rxe7 Rxe7 18. Re1 Rxe1+ 19. Nxe1 Qe6 20. Ne4 Nxe4 21.
Bxe4 Be7 22. Qd2 h6 23. Bc1 Bg5 24. f4 Bd8 25. b4 cxb4 26. axb4 Be7 27. b5 Bb4
28. Qf2 Bxe1 29. Qxe1 Ne7 30. Qf2 f5 31. Bxb7 Qe2 32. Qxe2 Bxe2 33. Ba3 Kf7 34.
Bc5 Bxd3 35. Bxa7 Bxc4 36. b6 d3 37. Bf3 d2 38. b7 Nc6 39. Be3 Ba6 40. b8=Q
Nxb8 41. Bxd2 Bc8 42. Bc3 g5 43. Bd5+ Be6 44. Bxe6+ Kxe6 45. fxg5 hxg5 46. Bd2
g4 47. Kf2 Kf6 48. Ke3 Kg6 49. Bc3 Nd7 50. Bd4 Nf8 51. Kd3 Ne6 52. Be3 Ng7 53.
Kd4 Ne6+ 54. Kd5 Ng7 55. Bf4 Nh5 56. Be5 Kf7 57. Kd6 Nf6 58. Bxf6 Kxf6 59. Kd5
Kg5 60. Ke5 Kg6 1/2-1/2

[Event "Juvenil Lleida_2008_09"]
[Site "?"]
[Date "2008.11.08"]
[Round "4"]
[White "Grau, Nuria"]
[Black "Nieto, Francesc"]
[Result "0-1"]
[WhiteElo "1723"]
[BlackElo "2022"]
[PlyCount "94"]
[EventDate "2008.10.13"]
[SourceDate "2008.11.15"]

1. e4 c5 2. Nf3 a6 3. Bc4 b5 4. Bd5 Nc6 5. Bxc6 dxc6 6. O-O Bg4 7. d3 e6 8. Be3
Qc7 9. Nbd2 Nf6 10. c3 Nd7 11. Qc2 Rd8 12. d4 c4 13. b3 c5 14. bxc4 Bxf3 15.
Nxf3 bxc4 16. Rab1 Be7 17. e5 O-O 18. Bg5 Bxg5 19. Nxg5 g6 20. Qe4 h6 21. Nf3
Rb8 22. Rxb8 Rxb8 23. h3 Nb6 24. Rb1 Nd5 25. Rxb8+ Qxb8 26. Qc2 cxd4 27. cxd4
c3 28. Kf1 Qb2 29. Qxb2 cxb2 30. Nd2 Nc3 31. Ke1 b1=Q+ 32. Nxb1 Nxb1 33. f4 a5
34. Kf2 a4 35. Ke3 Nc3 36. a3 Nb5 37. Kd3 Nxa3 38. Kc3 Nb5+ 39. Kb4 a3 40. Kb3
Nxd4+ 41. Kxa3 Ne2 42. g4 Nxf4 43. h4 Nd3 44. Kb3 Nxe5 45. g5 hxg5 46. hxg5 Nf3
47. Kc3 Nxg5 0-1

[Event "Juvenil Lleida_2008_09"]
[Site "?"]
[Date "2008.11.08"]
[Round "4"]
[White "Coll,  Cristina"]
[Black "Visa, Joel"]
[Result "1/2-1/2"]
[WhiteElo "2003"]
[BlackElo "2168"]
[PlyCount "144"]
[EventDate "2008.10.13"]
[SourceDate "2008.11.15"]

1. e4 d5 2. exd5 Qxd5 3. Nc3 Qd8 4. d4 Nf6 5. Nf3 Bf5 6. Bc4 e6 7. O-O c6 8. h3
Bd6 9. Re1 O-O 10. Nh4 Bg6 11. Nxg6 hxg6 12. Ne4 Nxe4 13. Rxe4 Nd7 14. Qf3 Nb6
15. Bb3 Nd5 16. c3 Qc7 17. Bd2 Rad8 18. Rae1 Rd7 19. Bc2 Nf6 20. R4e2 Re8 21.
Bg5 Nh7 22. Bc1 Qa5 23. a3 Qh5 24. Qd3 Nf6 25. Bd1 Qh4 26. Qe3 Nd5 27. Qg5 Qxg5
28. Bxg5 Bf4 29. Bxf4 Nxf4 30. Re3 Nd5 31. Rg3 Rc7 32. Bf3 Nb6 33. h4 Nc4 34.
Re2 Rd8 35. h5 gxh5 36. Bxh5 c5 37. dxc5 Rxc5 38. Bf3 Rb5 39. b4 Nxa3 40. Ra2
Nb1 41. Rxa7 Nxc3 42. Kh2 Rxb4 43. Bxb7 Nb5 44. Ra1 Nd6 45. Bc6 Rc4 46. Bf3 Nf5
47. Rg4 Rc2 48. Kg1 Rb2 49. Be4 Nd6 50. Bc6 Rc8 51. Ba4 g6 52. Rd1 Nf5 53. Rf4
Rc7 54. Rf3 Kg7 55. Rf4 g5 56. Rg4 Kf6 57. Re4 Ne7 58. Rd3 Rc1+ 59. Rd1 Rxd1+
60. Bxd1 Rb1 61. Rd4 Nd5 62. Kh2 Ke5 63. Rd2 f5 64. Re2+ Kf6 65. Bc2 Rb2 66.
Bd3 Rxe2 67. Bxe2 e5 68. g4 e4 69. gxf5 Kxf5 70. Kg3 Nf4 71. Bd1 Nd3 72. Bc2
Ne1 1/2-1/2

[Event "Juvenil Lleida_2008_09"]
[Site "?"]
[Date "2008.11.08"]
[Round "4"]
[White "Mas, Oriol"]
[Black "Ferrer, Jordi"]
[Result "1/2-1/2"]
[WhiteElo "1940"]
[BlackElo "1858"]
[PlyCount "76"]
[EventDate "2008.10.13"]
[SourceDate "2008.11.15"]

1. c4 e5 2. g3 Nf6 3. Bg2 Bc5 4. Nc3 Nc6 5. e3 d6 6. a3 a6 7. Nge2 O-O 8. O-O
Be6 9. Nd5 Nd7 10. b4 Ba7 11. Bb2 Nb6 12. Rc1 Qd7 13. f4 f5 14. b5 axb5 15.
Nxb6 Bxb6 16. cxb5 Nd8 17. fxe5 Qxb5 18. Bd4 dxe5 19. Rb1 Qa5 20. Bc3 Qc5 21.
Bb4 Qc4 22. Bxf8 Kxf8 23. Ra1 Kg8 24. Nc3 Qd3 25. Qc1 e4 26. g4 g6 27. gxf5
Bxf5 28. Qb2 Nc6 29. Rf4 Rd8 30. Nxe4 Bxe4 31. Bxe4 Qxd2 32. Qxd2 Rxd2 33. Rf3
Ne5 34. Rg3 Nc4 35. Bxb7 Nxe3 36. Kh1 Nc4 37. a4 Na5 38. Bc8 Kg7 1/2-1/2

[Event "Juvenil Lleida_2008_09"]
[Site "?"]
[Date "2008.11.15"]
[Round "5"]
[White "Torne, Pol"]
[Black "Valera, Alexis"]
[Result "1-0"]
[WhiteElo "1700"]
[BlackElo "1700"]
[PlyCount "85"]
[EventDate "2008.10.13"]
[SourceDate "2008.11.15"]

1. e4 e5 2. Nf3 Nc6 3. Bc4 Bc5 4. O-O a6 5. Bb3 Nf6 6. Nc3 b5 7. d3 Na5 8. Ne2
Nxb3 9. axb3 d5 10. Nxe5 dxe4 11. d4 Bd6 12. Bf4 O-O 13. Qe1 Bf5 14. Ng3 Nh5
15. Nxf5 Nxf4 16. Qxe4 Bxe5 17. dxe5 Ng6 18. Rfe1 Re8 19. Qc6 Rxe5 20. Rxe5
Nxe5 21. Qe4 f6 22. h3 g6 23. Ne7+ Qxe7 24. Qxa8+ Kg7 25. Re1 Qc5 26. Re4 Qxf2+
27. Kxf2 Kh6 28. h4 Kh5 29. Qh8 Ng4+ 30. Kg1 h6 31. g3 f5 32. Rf4 Nf2 33. Kxf2
b4 34. Qa8 c6 35. Qxa6 c5 36. c3 bxc3 37. bxc3 c4 38. Qxc4 g5 39. Rxf5 Kg6 40.
g4 gxh4 41. Qe6+ Kg7 42. Rf7+ Kg8 43. Qe8# 1-0

[Event "Juvenil Lleida_2008_09"]
[Site "?"]
[Date "2008.11.15"]
[Round "5"]
[White "Rumi, Joel"]
[Black "Fumas, Eudal"]
[Result "1/2-1/2"]
[WhiteElo "1700"]
[BlackElo "1700"]
[PlyCount "63"]
[EventDate "2008.10.13"]
[SourceDate "2008.11.15"]

1. e4 e5 2. Nf3 Nc6 3. Bb5 a6 4. Bxc6 dxc6 5. Nxe5 Qd4 6. Nf3 Qxe4+ 7. Qe2
Qxe2+ 8. Kxe2 Nf6 9. Nc3 Bd6 10. Re1 O-O 11. Kf1 Bf5 12. Nd4 Bg6 13. h3 c5 14.
Nf3 Bxc2 15. d4 cxd4 16. Nxd4 Bd3+ 17. Nde2 Rfe8 18. Be3 Rad8 19. Rad1 Be5 20.
Rd2 Rd7 21. f4 Bd4 22. Bxd4 Rxd4 23. g3 Ne4 24. Nxe4 Rexe4 25. Kf2 Bxe2 26.
Rdxe2 Rxe2+ 27. Rxe2 Kf8 28. Kf3 Rd3+ 29. Re3 Rxe3+ 30. Kxe3 Ke7 31. Ke4 g6 32.
g4 1/2-1/2

[Event "Juvenil Lleida_2008_09"]
[Site "?"]
[Date "2008.11.15"]
[Round "5"]
[White "Nieto, Francesc"]
[Black "Ivanov, Dimitri"]
[Result "1-0"]
[WhiteElo "2022"]
[BlackElo "1867"]
[PlyCount "97"]
[EventDate "2008.10.13"]
[SourceDate "2008.11.15"]

1. d4 d5 2. c4 c6 3. Nc3 Bf5 4. Qb3 Qd7 5. cxd5 cxd5 6. Qxd5 e6 7. Qxd7+ Nxd7
8. Nf3 Bb4 9. Bd2 Ngf6 10. e3 h6 11. Be2 O-O 12. O-O Rac8 13. a3 Be7 14. Rac1
a6 15. Na2 g5 16. Bb4 Bxb4 17. Nxb4 Ne4 18. Nd3 f6 19. Rfd1 Nd6 20. Nc5 Nxc5
21. dxc5 Ne4 22. b4 e5 23. Bd3 Bh7 24. Bxe4 Bxe4 25. Nd2 Bd5 26. e4 Bc6 27. g4
Rfd8 28. Nc4 Bxe4 29. Rd6 Kg7 30. Rcd1 Rxd6 31. Nxd6 Rd8 32. Nf5+ Bxf5 33. Rxd8
Bxg4 34. Kg2 Bf5 35. f3 Be6 36. Rd6 Kf7 37. c6 bxc6 38. Rxc6 h5 39. Rxa6 h4 40.
b5 Bc4 41. Ra7+ Ke6 42. b6 Kd6 43. Rc7 Ba6 44. a4 f5 45. a5 g4 46. Rh7 h3+ 47.
Kg3 Kc6 48. fxg4 fxg4 49. Kxg4 1-0

[Event "Juvenil Lleida_2008_09"]
[Site "?"]
[Date "2008.11.15"]
[Round "5"]
[White "Solani, Joshua"]
[Black "Mas, Oriol"]
[Result "1/2-1/2"]
[WhiteElo "1930"]
[BlackElo "1940"]
[PlyCount "57"]
[EventDate "2008.10.13"]
[SourceDate "2008.11.15"]

1. e4 c5 2. Nf3 Nc6 3. d4 cxd4 4. Nxd4 g6 5. c4 Bg7 6. Be3 Nf6 7. Nc3 Ng4 8.
Nxc6 Nxe3 9. Nxd8 Nxd1 10. Kxd1 Kxd8 11. Kc2 d6 12. Rd1 b6 13. f4 Bh6 14. g3
Bb7 15. Bh3 f5 16. Rhe1 fxe4 17. Nxe4 Bc8 18. Bg2 Bf5 19. Kb3 Rc8 20. Nc3 Re8
21. Nb5 a6 22. Nd4 Bg4 23. Rd2 Rc7 24. h3 Bd7 25. Rde2 b5 26. cxb5 axb5 27. Bd5
Bg7 28. Nf3 Bf6 29. g4 1/2-1/2

[Event "Juvenil Lleida_2008_09"]
[Site "?"]
[Date "2008.11.15"]
[Round "5"]
[White "Visa, Joel"]
[Black "Coll, Jordi"]
[Result "1/2-1/2"]
[WhiteElo "2168"]
[BlackElo "2307"]
[PlyCount "53"]
[EventDate "2008.10.13"]
[SourceDate "2008.11.15"]

1. d4 d5 2. c4 c6 3. Nc3 Nf6 4. Nf3 e6 5. Bg5 h6 6. Bh4 dxc4 7. e4 g5 8. Bg3 b5
9. Be2 Bb7 10. O-O Nbd7 11. Ne5 Bg7 12. Nxf7 Kxf7 13. e5 Nd5 14. Ne4 Qb6 15.
Bg4 Rag8 16. Nd6+ Ke7 17. Qf3 Rf8 18. Qe4 Rhg8 19. f4 Nxf4 20. Rxf4 Rxf4 21.
Bxf4 gxf4 22. Kh1 Bxe5 23. dxe5 Rxg4 24. Qh7+ Kd8 25. Qh8+ Kc7 26. Ne8+ Kc8 27.
Nd6+ 1/2-1/2

[Event "Juvenil Lleida_2008_09"]
[Site "?"]
[Date "2008.11.15"]
[Round "5"]
[White "Perez, Jose"]
[Black "Coll, Cristina"]
[Result "1-0"]
[WhiteElo "1973"]
[BlackElo "2003"]
[PlyCount "87"]
[EventDate "2008.10.13"]
[SourceDate "2008.11.15"]

1. e4 c6 2. d4 d5 3. Nc3 dxe4 4. Nxe4 Bf5 5. Ng3 Bg6 6. h4 h6 7. Nf3 Nd7 8. h5
Bh7 9. Bd3 Bxd3 10. Qxd3 Qc7 11. Bd2 e6 12. O-O-O O-O-O 13. Kb1 Ngf6 14. Ne4
Nxe4 15. Qxe4 Nf6 16. Qe2 Bd6 17. c4 c5 18. Bc3 Rhe8 19. dxc5 Bxc5 20. Ne5 Rf8
21. g4 Qb6 22. Rxd8+ Qxd8 23. Rd1 Qc7 24. f4 Rd8 25. Rxd8+ Kxd8 26. Qd3+ Kc8
27. Kc2 Bd6 28. b4 Ne8 29. c5 Bxe5 30. Bxe5 Qc6 31. Kb3 f6 32. Bd4 Qd5+ 33. Qc4
Qxc4+ 34. Kxc4 a6 35. a4 Nc7 36. Bc3 Nd5 37. Bd2 Kd7 38. b5 axb5+ 39. axb5 Kc7
40. g5 f5 41. Bc3 Nxf4 42. Be5+ Kd7 43. Bxf4 hxg5 44. Bxg5 1-0

[Event "Juvenil Lleida_2008_09"]
[Site "?"]
[Date "2008.11.15"]
[Round "5"]
[White "Barbosa, Laia"]
[Black "Orrit, Gerard"]
[Result "1-0"]
[WhiteElo "2001"]
[BlackElo "1723"]
[PlyCount "89"]
[EventDate "2008.10.13"]
[SourceDate "2008.11.15"]

1. e4 e5 2. Nf3 Nc6 3. Bb5 a6 4. Ba4 Nf6 5. O-O d6 6. Re1 Be7 7. d4 exd4 8.
Nxd4 Bd7 9. Nxc6 Bxc6 10. Bxc6+ bxc6 11. Nc3 O-O 12. Bf4 d5 13. Be5 Rb8 14.
exd5 cxd5 15. Rb1 Rb7 16. Qf3 c6 17. Ne2 Ne4 18. Red1 Bg5 19. Nf4 Re8 20. Bd4
Qb8 21. Nh5 Nd2 22. Qg4 h6 23. Rxd2 Re4 24. f4 g6 25. Qh3 gxh5 26. fxg5 Rbe7
27. gxh6 Qf4 28. Qg3+ Qxg3 29. hxg3 Rg4 30. Kf2 f6 31. Re1 Rf7 32. Re6 Rg6 33.
Rxc6 Rxh6 34. Rxa6 Rg6 35. a4 h4 36. Rd3 Rfg7 37. Ra8+ Kh7 38. Ra7 hxg3+ 39.
Kf3 Rxa7 40. Bxa7 Rg7 41. Bb6 Re7 42. a5 Re8 43. a6 Kg6 44. a7 f5 45. Rxd5 1-0